000 00317pab a2200133 454500
008 180718b2000 xxu||||| |||| 00| 0 eng d
245 _aSPECIAL issue on health care
260 _c2000
300 _ap.9-120
362 _aFall
650 _aHealth services
773 _aCalifornia Management Review
909 _a47594
999 _c47594
_d47594